| 000 | 00624cam a2200181 4500500 | ||
|---|---|---|---|
| 005 | 20260405002939.0 | ||
| 041 | _afre | ||
| 042 | _adc | ||
| 100 | 1 | 0 |
_aPortevin, Catherine _eauthor |
| 245 | 0 | 0 | _aLa Fin de l’individu. Voyage d’un philosophe au pays de l’intelligence artificielle |
| 260 | _c2019. | ||
| 500 | _a26 | ||
| 690 | _aGaspard Kœnig | ||
| 690 | _aIntelligence Artificielle | ||
| 690 | _aLibéralisme | ||
| 786 | 0 | _nPhilosophie magazine | 132 | 9 | 2019-09-01 | p. 44-46 | 1951-1787 | |
| 856 | 4 | 1 | _uhttps://shs.cairn.info/magazine-philosophie-magazine-2019-9-page-44?lang=fr&redirect-ssocas=7080 |
| 999 |
_c2062817 _d2062817 |
||